| 000 -NÁVESTIE |
| fixed length control field |
01609nam a2200421 a 4500 |
| 001 - EVIDENČNÉ ČÍSLO ZÁZNAMU - Kontrolné číslo |
| control field |
vtls001219994 |
| 005 - DÁTUM A ČAS POSLEDNEJ TRANSAKCIE |
| control field |
20250922113737.0 |
| 008 - ÚDAJE S PEVNOU DĹŽKOU – VŠEOBECNÉ INFORMÁCIE |
| fixed length control field |
160208s1996 xo a r y 0 slo |
| 020 ## - MEDZINÁRODNÉ ŠTANDARDNÉ ČÍSLO KNIHY (ISBN) |
| Medzinárodné štandardné číslo knihy (ISBN) |
8085452472 |
| 035 ## - Iný štandardný identifikátor |
| Iný štandardný identifikátor |
SNK000164538 |
| 035 ## - Iný štandardný identifikátor |
| Iný štandardný identifikátor |
urn:nbn:sk:snk-amkfbn |
| 035 ## - Iný štandardný identifikátor |
| Iný štandardný identifikátor |
urn:nbn:sk:snk-am008f37 |
| 035 ## - Iný štandardný identifikátor |
| Iný štandardný identifikátor |
9782EBDD-5107-4E7B-836B-6A8150AAF987 |
| 040 ## - ZDROJ KATALOGIZÁCIE |
| Pôvodná katalogizujúca agentúra |
SNK |
| Jazyk katalogizácie |
slo |
| Prepisujúca agentúra |
SNK |
| Konvencie popisu |
AACR2 |
| 041 0# - KÓD JAZYKA |
| Kód jazyka textu/zvukovej stopy alebo samostatných nápisov |
slo |
| 044 ## - KÓD KRAJINY VYDAVATEĽA/PRODUCENTA |
| Kód krajiny MARC |
xo |
| Kód krajiny ISO |
SK |
| 080 ## - ČÍSLO MEDZINÁRODNÉHO DESATINNÉHO TRIEDENIA (MDT) |
| Číslo Medzinárodného desatinného triedenia (MDT) |
82(091):820/899 (100)(075.3) |
| Identifikátor vydania |
1981 |
| 080 ## - ČÍSLO MEDZINÁRODNÉHO DESATINNÉHO TRIEDENIA (MDT) |
| Číslo Medzinárodného desatinného triedenia (MDT) |
820/899 (100)(091) |
| Identifikátor vydania |
1981 |
| 080 ## - ČÍSLO MEDZINÁRODNÉHO DESATINNÉHO TRIEDENIA (MDT) |
| Číslo Medzinárodného desatinného triedenia (MDT) |
885.4(091) |
| Identifikátor vydania |
1981 |
| 080 ## - ČÍSLO MEDZINÁRODNÉHO DESATINNÉHO TRIEDENIA (MDT) |
| Číslo Medzinárodného desatinného triedenia (MDT) |
82:37 |
| Identifikátor vydania |
1981 |
| 245 00 - NÁZOV |
| Názov |
Čítanka pre 4. ročník gymnázií a stredných škôl |
| Údaj o zodpovednosti atď. |
Natália Ihnátková ... [et al.] |
| 260 ## - VYDAVATEĽSKÉ ÚDAJE, DISTRIBÚCIA ATĎ. |
| Miesto publikovania, distribúcie atď. |
Bratislava |
| Názov vydavateľa, distibútora atď. |
Litera |
| Dátum publikovania, distribúcie atď. |
1996 |
| 300 ## - FYZICKÝ POPIS |
| Rozsah |
399 s., [32] s. fareb. obr. príl. |
| Ďalšie fyzické detaily |
Ilustr. |
| Rozmery |
21 cm |
| 650 07 - PRIDANÝ VSTUP – PREDMET – TEMATICKÉ HESLO |
| Tematické heslo alebo geografický názov ako vstupný prvok |
literatúra slovenská |
| Všeobecný pododdiel |
učebnice gymn. (4. roč.) |
| -- |
učebnice stred. škôl (4. roč.) |
| -- |
čítanky literárne |
| Zdroj hesla alebo termínu |
SNK |
| -- |
4797 |
| 650 07 - PRIDANÝ VSTUP – PREDMET – TEMATICKÉ HESLO |
| Tematické heslo alebo geografický názov ako vstupný prvok |
literatúra svetová |
| Všeobecný pododdiel |
učebnice gymn. (4. roč.) |
| -- |
učebnice stred. škôl (4. roč.) |
| -- |
čítanky literárne |
| Zdroj hesla alebo termínu |
SNK |
| -- |
4798 |
| 650 07 - PRIDANÝ VSTUP – PREDMET – TEMATICKÉ HESLO |
| Tematické heslo alebo geografický názov ako vstupný prvok |
čítanky literárne |
| Všeobecný pododdiel |
literatúra slovenská |
| -- |
literatúra svetová |
| -- |
učebnice gymn. (4. roč.) |
| -- |
učebnice stred. škôl (4. roč.) |
| Zdroj hesla alebo termínu |
SNK |
| -- |
4799 |
| 655 #7 - INDEXAČNÝ TERMÍN – ŽÁNER/FORMA |
| Údaje o žánri/forme alebo termín, ktorý je prvok fazety |
učebnice |
| Zdroj termínu |
SNK |
| -- |
3122 |
| 700 1# - PRIDANÝ VSTUP – OSOBNÉ MENO |
| Osobné meno |
Ihnátková, Natália, |
| Dátumy súvisiace s menom |
1939- |
| Kód roly |
aut |
| -- |
4800 |
| 700 1# - PRIDANÝ VSTUP – OSOBNÉ MENO |
| Osobné meno |
Fedorová, Mária |
| Kód roly |
aut |
| -- |
4801 |
| 700 1# - PRIDANÝ VSTUP – OSOBNÉ MENO |
| Osobné meno |
Krahulcová, Valéria |
| Kód roly |
aut |
| -- |
4802 |
| 700 1# - PRIDANÝ VSTUP – OSOBNÉ MENO |
| Osobné meno |
Trutz, Rudolf |
| Kód roly |
aut |
| -- |
4803 |
| 958 ## - Formálny deskriptor |
| Formálny deskriptor |
OND |
| 958 ## - Formálny deskriptor |
| Formálny deskriptor |
TL |
| 958 ## - Formálny deskriptor |
| Formálny deskriptor |
UC |
| 958 ## - Formálny deskriptor |
| Formálny deskriptor |
NB |
| 958 ## - Formálny deskriptor |
| Formálny deskriptor |
LX |